Fallout: New Vegas - All Unique Melee Weapons - Statistics

General Stats
  • This quiz has been taken 14 times
    4 since last reset
  • The average score is 3 of 16
Answers on the Grid
Answers color-coded by a green-red scale on the quiz's grid according to % correct below.
Blade of the East
Jeff's Knife
Blood Nap
Nevada Nine Iron
Blade of the West
Broad Machete
Chance's Knife
Chopper
Figaro
Gomorrah
God's Gift
Reinforced Machete
Gehenna
Knock-knock
Liberator
Mile High Masher
Memphis' Gold Machete
Nephi's Golf Driver
Nuka-Breaker
Chinese Sword
Oh, Baby!
Old Glory
Combat Knife
Lucky
The Humble Cudgel
X2 Antenna
Venus Fly Trap
Paciencia
A Light Shining in Darkness
Nelson Fire Axe
 
Answer Stats
Answer % Correct
Blade of the East
67%
Blade of the West
33%
Chance's Knife
33%
Figaro
33%
Gehenna
33%
Nephi's Golf Driver
33%
Oh, Baby!
33%
Blood Nap
0%
Broad Machete
0%
Chopper
0%
Knock-knock
0%
Liberator
0%
Nuka-Breaker
0%
Old Glory
0%
The Humble Cudgel
0%
X2 Antenna
0%
No matching quizzes found
Score Distribution
Percent of People with Each Score
Percentile by Number Answered
Your Score History
You have not taken this quiz since the last reset